Elements of cartography / (Record no. 529373)
[ view plain ]
| 000 -LEADER | |
|---|---|
| fixed length control field | 01126pam a2200289 a 4500 |
| 001 - CONTROL NUMBER | |
| control field | 4907427 |
| 005 - DATE AND TIME OF LATEST TRANSACTION | |
| control field | 20190924162432.0 |
| 008 - FIXED-LENGTH DATA ELEMENTS--GENERAL INFORMATION | |
| fixed length control field | 940728s1995 nyuab b 001 0 eng |
| 010 ## - LIBRARY OF CONGRESS CONTROL NUMBER | |
| LC control number | 94033102 |
| 020 ## - INTERNATIONAL STANDARD BOOK NUMBER | |
| International Standard Book Number | 0471555797 (acidfree paper) |
| 040 ## - CATALOGING SOURCE | |
| Original cataloging agency | DLC |
| Transcribing agency | DLC |
| Modifying agency | DLC |
| 050 00 - LIBRARY OF CONGRESS CALL NUMBER | |
| Classification number | GA105.2 |
| Item number | .E43 1995 |
| 082 00 - DEWEY DECIMAL CLASSIFICATION NUMBER | |
| Classification number | 526 |
| Author Mark | ROB |
| 100 ## - MAIN ENTRY--PERSONAL NAME | |
| Personal name | Robinson, Arthur H. |
| 9 (RLIN) | 21311 |
| 245 00 - TITLE STATEMENT | |
| Title | Elements of cartography / |
| Statement of responsibility, etc. | Arthur H. Robinson ... [et al.]. |
| 250 ## - EDITION STATEMENT | |
| Edition statement | 6th ed. |
| 260 ## - PUBLICATION, DISTRIBUTION, ETC. | |
| Place of publication, distribution, etc. | New Delhi : |
| Name of publisher, distributor, etc. | Wiley, |
| Date of publication, distribution, etc. | 2010. |
| 300 ## - PHYSICAL DESCRIPTION | |
| Extent | 674 p. : |
| Other physical details | ill. (some col.), maps (some col.) ; |
| Dimensions | 24 cm. |
| 504 ## - BIBLIOGRAPHY, ETC. NOTE | |
| Bibliography, etc. note | Includes bibliographical references and index. |
| 650 00 - SUBJECT ADDED ENTRY--TOPICAL TERM | |
| Topical term or geographic name entry element | Cartography. |
| 9 (RLIN) | 21312 |
| 700 1# - ADDED ENTRY--PERSONAL NAME | |
| Personal name | Robinson, Arthur Howard, |
| Dates associated with a name | 1915-2004. |
| 9 (RLIN) | 21313 |
| 856 42 - ELECTRONIC LOCATION AND ACCESS | |
| Materials specified | Publisher description |
| Uniform Resource Identifier | <a href="http://www.loc.gov/catdir/description/wiley037/94033102.html">http://www.loc.gov/catdir/description/wiley037/94033102.html</a> |
| 856 4# - ELECTRONIC LOCATION AND ACCESS | |
| Materials specified | Table of Contents |
| Uniform Resource Identifier | <a href="http://www.loc.gov/catdir/toc/onix01/94033102.html">http://www.loc.gov/catdir/toc/onix01/94033102.html</a> |
| 906 ## - LOCAL DATA ELEMENT F, LDF (RLIN) | |
| a | 7 |
| b | cbc |
| c | orignew |
| d | 1 |
| e | ocip |
| f | 19 |
| g | y-gencatlg |
| 942 ## - ADDED ENTRY ELEMENTS (KOHA) | |
| Source of classification or shelving scheme | |
| Koha item type | Book |
| Withdrawn status | Lost status | Source of classification or shelving scheme | Damaged status | Not for loan | Permanent Location | Current Location | Date acquired | Total Checkouts | Full call number | Barcode | Date last seen | Price effective from | Koha item type |
|---|---|---|---|---|---|---|---|---|---|---|---|---|---|
| School of Civil and Environmental Engineering (SCEE) | School of Civil and Environmental Engineering (SCEE) | 09/24/2019 | 526 ROB | NIT-BB2845 | 09/24/2019 | 09/24/2019 | Book | ||||||
| School of Civil and Environmental Engineering (SCEE) | School of Civil and Environmental Engineering (SCEE) | 09/24/2019 | 526 ROB | NIT-BB2846 | 09/24/2019 | 09/24/2019 | Book | ||||||
| School of Civil and Environmental Engineering (SCEE) | School of Civil and Environmental Engineering (SCEE) | 09/24/2019 | 526 ROB | NIT-BB2847 | 09/24/2019 | 09/24/2019 | Book | ||||||
| School of Civil and Environmental Engineering (SCEE) | School of Civil and Environmental Engineering (SCEE) | 09/24/2019 | 526 ROB | NIT-BB2848 | 09/24/2019 | 09/24/2019 | Book | ||||||
| School of Civil and Environmental Engineering (SCEE) | School of Civil and Environmental Engineering (SCEE) | 09/24/2019 | 526 ROB | NIT-BB2849 | 09/24/2019 | 09/24/2019 | Book | ||||||
| School of Civil and Environmental Engineering (SCEE) | School of Civil and Environmental Engineering (SCEE) | 09/24/2019 | 526 ROB | NIT-BB2850 | 09/24/2019 | 09/24/2019 | Book | ||||||
| School of Civil and Environmental Engineering (SCEE) | School of Civil and Environmental Engineering (SCEE) | 09/24/2019 | 526 ROB | NIT-BB2851 | 09/24/2019 | 09/24/2019 | Book | ||||||
| School of Civil and Environmental Engineering (SCEE) | School of Civil and Environmental Engineering (SCEE) | 09/24/2019 | 526 ROB | NIT-BB2852 | 09/24/2019 | 09/24/2019 | Book | ||||||
| School of Civil and Environmental Engineering (SCEE) | School of Civil and Environmental Engineering (SCEE) | 09/24/2019 | 526 ROB | NIT-BB2853 | 09/24/2019 | 09/24/2019 | Book |
